000 00639nam a22001697a 4500
999 _c14887
_d14887
003 OSt
082 _2664 SAR/DE
088 _aT 352
100 _aSARANYA S
_91857
245 _aDevelopment And Quality Evaluation of Microencapsulated Banana Pseudostem Juice Powder
260 _aTavanur 2017
_bKelappaji College of Agricultural Engineering and Technology
300 _a195
500 _aDevelopment And Quality Evaluation of Micro encapsulated Banana Pseudostem Juice Powder
520 _aDevelopment And Quality Evaluation of Micro encapsulated Banana Pseudostem Juice Powder
700 _aDr. Sudheer K.P (Guide)
_92147
942 _cTH